000 01218nam a2200241Ia 4500
003 Ost
005 20260507075538.0
008 260507s9999||||xx |||||||||||||| ||und||
020 _a9773505218
040 _cfsecg
041 _aara
082 _a338.9
100 _aطلعت، ابراهيم
_eمؤلف
245 0 _aالوسيط في علم الاقتصاد :
_bاستراتيجيات التخطيط الاقتصادي /
_c ابراهيم طلعت
260 _aالقاهرة:
_bدار الكتاب الحديث,
_c2009
300 _a458 صفحة؛
_bإيضاحات ؛
_c24 سم
504 _aبيبليوغرافيا: ص ص.441-445
520 _aيضم آليات السوق وكفاءة إدارة الإقتصاد القومي، نظرية التخطيط، الأساليب والنماذج المستخدمة في التخطيط، تخطيط المتغيرات الإقتصادية الكلية، التخطيط الإقتصادي في جمهورية مصر العربية، إدارة التخطيط الإقتصادي في جمهورية مصر العربية
653 _aالإقتصاد
653 _aالإقتصاد- علم
653 _aالتخطيط الإقتصادي
942 _cكتاب
999 _c44851
_d44851